Purple violet squish (Record no. 5238)

MARC details
000 -LEADER
fixed length control field 00673cam a2200241 4500
001 - CONTROL NUMBER
control field 866522
003 - CONTROL NUMBER IDENTIFIER
control field GBCCL
005 - DATE AND TIME OF LATEST TRANSACTION
control field 20241126110536.0
008 - FIXED-LENGTH DATA ELEMENTS--GENERAL INFORMATION
fixed length control field 690909s1969 miu 000 0 eng
010 ## -
-- 79081055
040 ## - CATALOGING SOURCE
Original cataloging agency DLC
Transcribing agency DLC
Modifying agency DLC
050 00 -
-- BV4470
-- .W5
082 00 - DEWEY DECIMAL CLASSIFICATION NUMBER
Classification number 259
Item number WIL
100 1# - MAIN ENTRY--PERSONAL NAME
Personal name Wilkerson, David,
Dates associated with a name 1931-2011.
9 (RLIN) 1605
245 10 - TITLE STATEMENT
Title Purple violet squish
Statement of responsibility, etc. [by] David Wilkerson.
260 ## - PUBLICATION, DISTRIBUTION, ETC.
Place of publication, distribution, etc. Grand Rapids,
Name of publisher, distributor, etc. Zondervan Pub. House
Date of publication, distribution, etc. [1969]
300 ## - PHYSICAL DESCRIPTION
Extent 152 p.
Dimensions 22 cm.
350 ## - PRICE (NR) (BK AM CF MU VM SE) [OBSOLETE]
Price 2.95
650 #0 - SUBJECT ADDED ENTRY--TOPICAL TERM
Topical term or geographic name entry element Church work with drug addicts.
9 (RLIN) 9443
650 #0 - SUBJECT ADDED ENTRY--TOPICAL TERM
Topical term or geographic name entry element Hippies.
9 (RLIN) 9444
906 ## - LOCAL DATA ELEMENT F, LDF (RLIN)
a 7
b cbc
c orignew
d u
e ncip
f 19
g y-gencatlg
942 ## - ADDED ENTRY ELEMENTS (KOHA)
Source of classification or shelving scheme Dewey Decimal Classification
Koha item type Books
Holdings
Withdrawn status Lost status Source of classification or shelving scheme Damaged status Not for loan Home library Current Library Shelving location Date acquired Total checkouts Full call number Barcode Date last seen Copy number Price effective from Koha item type
    Dewey Decimal Classification     GRACE BIBLE COLLEGE GRACE BIBLE COLLEGE Ministry & Mission 2018-03-07   259 WIL 003877 2025-05-01 c.1 2018-03-07 Books
© Grace Bible College Library 2025